[Event "Marlboro it"]
[Site "Bauang PHI"]
[Date "1973.11.??"]
[Round "9"]
[White "Ivkov, Borislav"]
[Black "Larsen, Bent"]
[Result "1/2-1/2"]
[WhiteElo "2520"]
[BlackElo "2620"]
[EventDate "1973.11.09"]
[PlyCount "98"]

1.d4 d6 2.c4 e5 3.Nf3 Nc6 4.Nc3 exd4 5.Nxd4 g6 6.g3 Bg7 7.Nxc6 bxc6 8.Bg2 
Ne7 9.Qd2 a5 10.O-O O-O 11.Rb1 a4 12.Qc2 Bf5 13.e4 Be6 14.Nxa4 c5 15.b3 
Nc6 16.Bb2 Nd4 17.Bxd4 Bxd4 18.Nc3 Bxc3 19.Qxc3 Rxa2 20.e5 Bf5 21.Rb2 Rxb2
22.Qxb2 Re8 23.Rd1 Qe7 24.exd6 Qe1+ 25.Rxe1 Rxe1+ 26.Bf1 Bh3 27.Qe2 Rxe2 
28.Bxe2 cxd6 29.f4 Bf5 30.Bd1 h5 31.Kf2 Kg7 32.Ke3 Kf6 33.Kd2 Bb1 34.Ke3 
Kf5 35.Kf3 Bd3 36.Ke3 Be4 37.h3 Bb1 38.g4+ hxg4 39.hxg4+ Ke6 40.g5 Bf5 41.
Kd2 f6 42.gxf6 Kxf6 43.Bf3 Bd7 44.Be4 Bg4 45.Bc2 Kg7 46.Kc3 Kh6 47.b4 
cxb4+ 48.Kxb4 Be2 49.c5 dxc5+ 1/2-1/2

[Event "Marlboro it"]
[Site "Bauang PHI"]
[Date "1973.11.??"]
[Round "9"]
[White "Torre, Eugenio"]
[Black "Ardiansyah"]
[Result "1/2-1/2"]
[WhiteElo "2430"]
[BlackElo "2350"]
[EventDate "1973.11.09"]
[PlyCount "86"]

1.e4 c5 2.Nf3 d6 3.c3 Nf6 4.Bd3 Nc6 5.O-O e5 6.Bc2 Be7 7.d3 O-O 8.Nbd2 Qc7
9.Re1 b5 10.a4 b4 11.Nc4 Rb8 12.Ne3 Re8 13.Bb3 Na5 14.Nd5 Nxd5 15.Bxd5 Bb7
16.Bxb7 bxc3 17.Bd5 cxb2 18.Bxb2 Rxb2 19.Nd2 Nc6 20.Nc4 Rbb8 21.Ne3 Nd4 
22.Qh5 Bf8 23.Bc4 g6 24.Qg4 Qc8 25.Qd1 Bg7 26.Nc2 Nc6 27.Rb1 Qc7 28.Rb5 
Nb4 29.Ne3 a6 30.Rxb8 Rxb8 31.h4 Qd8 32.h5 Qg5 33.hxg6 hxg6 34.Qf3 Bf6 35.
g3 Kg7 36.Kg2 a5 37.Bb5 Rh8 38.Rh1 Rxh1 39.Kxh1 Bd8 40.Kg2 Bc7 41.Bc4 f6 
42.Bb5 Bd8 43.Kf1 Bc7 1/2-1/2

[Event "Marlboro it"]
[Site "Bauang PHI"]
[Date "1973.11.??"]
[Round "9"]
[White "Kavalek, Lubomir"]
[Black "Estimo, Samuel"]
[Result "1-0"]
[WhiteElo "2565"]
[BlackElo "2350"]
[EventDate "1973.11.09"]
[PlyCount "49"]

1.e4 c5 2.Nf3 e6 3.d4 cxd4 4.Nxd4 a6 5.Bd3 Nf6 6.O-O Qc7 7.Qe2 Nc6 8.Nxc6 
dxc6 9.f4 Nd7 10.a4 Nc5 11.a5 Nxd3 12.cxd3 Bd7 13.Be3 Bb4 14.Bb6 Qd6 15.e5
Qe7 16.Nd2 Bxd2 17.Qxd2 O-O 18.Rac1 Qh4 19.Bc5 Rfe8 20.Rc4 f5 21.Rd4 Qd8 
22.Qb4 Qc8 23.Rc1 Kh8 24.Rc3 Qc7 25.Bb6 1-0

[Event "Marlboro it"]
[Site "Bauang PHI"]
[Date "1973.11.??"]
[Round "9"]
[White "Quinteros, Miguel Angel"]
[Black "Tatai, Stefano"]
[Result "1-0"]
[WhiteElo "2520"]
[BlackElo "2430"]
[EventDate "1973.11.09"]
[PlyCount "53"]

1.Nf3 Nf6 2.c4 e6 3.g3 d5 4.Bg2 Be7 5.O-O O-O 6.d4 c6 7.Nc3 b6 8.Ne5 Bb7 
9.e4 dxc4 10.Nxc4 Ba6 11.b3 b5 12.Ne3 b4 13.Ne2 Nbd7 14.Bb2 Rc8 15.Re1 Nb6
16.Nf4 Bb7 17.Rc1 c5 18.d5 exd5 19.exd5 Bd6 20.Nh5 Nxh5 21.Qxh5 Re8 22.Nf5
Rxe1+ 23.Rxe1 Bf8 24.d6 Bxg2 25.Ne7+ Bxe7 26.dxe7 Qe8 27.Qg5 1-0

[Event "Marlboro it"]
[Site "Bauang PHI"]
[Date "1973.11.??"]
[Round "9"]
[White "Cardoso, Rodolfo Tan"]
[Black "Naranja, Renato"]
[Result "0-1"]
[WhiteElo "2375"]
[BlackElo "2420"]
[EventDate "1973.11.09"]
[PlyCount "80"]

1.e4 e6 2.d3 d5 3.Nd2 Nc6 4.g3 Nf6 5.Bg2 Bc5 6.c3 dxe4 7.Nxe4 Nxe4 8.Bxe4 
O-O 9.d4 Bb6 10.Nf3 h6 11.Bc2 e5 12.d5 Ne7 13.c4 Bh3 14.Be3 Qd6 15.Nd2 f5 
16.Qe2 e4 17.Nb3 Bxe3 18.Qxe3 Bg2 19.Rg1 Bf3 20.Nd4 Rae8 21.Qc3 c5 22.Ne6 
Rf6 23.Bd1 Bxd1 24.Rxd1 Ng6 25.Kf1 Rexe6 26.Kg2 Re7 27.Rge1 Ne5 28.a3 b6 
29.Re3 Ng4 30.Ree1 f4 31.h3 fxg3 32.hxg4 gxf2 33.Re3 Ref7 34.Rf1 Rf3 35.
Rxf3 Rxf3 36.Qxf3 exf3+ 37.Kxf3 g5 38.Rxf2 Qf4+ 39.Ke2 Qxc4+ 40.Ke1 Qxd5 
0-1